The Nightly Manor characters - Statistics

General Stats
  • This quiz has been taken 23 times
  • The average score is 16 of 22
Answer Stats
Picture Answer % Correct
Mouse
100%
Ring
100%
Tophat
100%
GPS
95%
Spray Paint
95%
Folder
89%
Speaker
89%
Domino
84%
Sketchpad
84%
Codey
79%
Sink
79%
Speech Bubble
79%
Ace
68%
Binary
68%
Lazy
68%
Clippy
63%
Pan Flute
63%
Hashbrown
58%
Ruby
58%
Envy
47%
Swivel
32%
Rubby
26%
No matching quizzes found
Score Distribution
Percent of People with Each Score
Percentile by Number Answered
Your Score History
You have not taken this quiz